01184naa a2200325 a 450000100080000000500110000800800410001910000220006024501380008226000090022065000100022965000170023965000170025665000350027370000260030870000220033470000190035670000190037570000200039470000160041470000170043070000240044770000170047170000200048870000240050870000210053270000250055370000230057877302570060110263012025-06-02 2025 bl uuuu u00u1 u #d1 aFERRÃO, M. A. G. aCaracterizacao fisico-quimica e sensorial de genotipo de cafe do Programa de Melhoramento genetico do Incaper.h[electronic resource] c2025 aCafé aCafeicultura aMelhoramento aMelhoramento Genético Vegetal1 aFONSECA, A. F. A. da.1 aRIVA-SOUZA, E. M.1 aFERRÃO, R. G.1 aPEREIRA, L. L.1 aPINHEIRO, P. F.1 aSCHERER, R.1 aVOLPI, P. S.1 aVERDIN FILHO, A. C.1 aCOMÉRIO, M.1 aSOUZA, L. C. de1 aSOUZA, T. da S. de.1 aALIXANDRE, F. T.1 aMACHADO FILHO, J. A.1 aSENRA, J. F. de B. tIn: SENRA, J. F. de B.; GUIMARÃES, M. A. P.; FERRÃO, M. A. G.; CAETANO, L. C. S.; SILVA, J. A. da; SOUZA, T. da S. de.; ALIXANDRE, F. T. (Org.). Tópicos especiais na produção de cafés de qualidade Vitória, ES : Incaper, cap. 4, p. 141-173, 2025.